[Event "SVK-chT1W 2223"]
[Site "Slovakia"]
[Date "2023.03.12"]
[Round "11.6"]
[White "Michalek, Michal"]
[Black "Paluska, Karol"]
[Result "1/2-1/2"]
[WhiteElo "2139"]
[BlackElo "1991"]
[PlyCount "124"]
[EventDate "2022.10.15"]
[EventType "team-tourn"]
[EventRounds "11"]
[EventCountry "SVK"]
[SourceTitle "EXT 2024"]
[Source "ChessBase"]
[SourceDate "2023.10.10"]
[SourceVersion "1"]
[SourceVersionDate "2023.10.10"]
[SourceQuality "1"]
[WhiteTeam "Povazska Bystrica"]
[BlackTeam "Bratislava Doprastav"]
[WhiteTeamCountry "SVK"]
[BlackTeamCountry "SVK"]

1. Nf3 Nf6 2. g3 d5 3. c4 e6 4. Bg2 Be7 5. 0-0 0-0 6. d4 dxc4 7. Qa4 Bd7 8. Qxc4 Bc6 9. Bg5 Nbd7 10. Nbd2 h6 11. Bxf6 Nxf6 12. Rfc1 Rc8 13. Nb3 Bd5 14. Qd3 Be4 15. Qe3 b6 16. Ne5 Bxg2 17. Kxg2 Qd5+ 18. Kg1 c6 19. Rc2 Nd7 20. Nxd7 Qxd7 21. Rac1 Bg5 22. f4 Bf6 23. Qe4 a5 24. a4 Rcd8 25. e3 Qd5 26. Nd2 c5 27. dxc5 bxc5 28. Qxd5 Rxd5 29. Nc4 Rb8 30. Nxa5 Rxb2 31. Rxb2 Bxb2 32. Rc2 Ba3 33. Nc4 Bb4 34. Ra2 Rd1+ 35. Kf2 Rh1 36. Kg2 Rd1 37. a5 Rd7 38. a6 Ra7 39. Nd6 Ra8 40. Nb5 c4 41. a7 Bc5 42. Kf3 Kf8 43. Ke2 Ke7 44. Ra6 Kd7 45. Kd2 c3+ 46. Kxc3 Bxe3 47. Rd6+ Ke7 48. Rc6 Kf6 49. Rc7 h5 50. Kb4 h4 51. Ka5 hxg3 52. hxg3 Bxa7 53. Nxa7 Rg8 54. Nc8 Rd8 55. Rc3 g5 56. fxg5+ Kxg5 57. Kb6 Kg4 58. Ne7 Rd2 59. Ng8 Rf2 60. Nh6+ Kg5 61. Ng8 Kg4 62. Nh6+ Kg5 1/2-1/2

[Event "Oberfranken-ch"]
[Site "Kronach"]
[Date "2023.02.26"]
[Round "7"]
[White "Benner, Viktor"]
[Black "Michalek, Michal"]
[Result "0-1"]
[WhiteElo "2017"]
[BlackElo "2129"]
[PlyCount "48"]
[EventDate "2023.02.23"]
[EventType "swiss"]
[EventRounds "7"]
[EventCountry "GER"]
[SourceTitle "EXT 2024"]
[Source "ChessBase"]
[SourceDate "2023.10.10"]
[SourceVersion "1"]
[SourceVersionDate "2023.10.10"]
[SourceQuality "1"]

1. Nf3 Nf6 2. g3 d5 3. c4 e6 4. b3 Be7 5. Bg2 0-0 6. Bb2 b6 7. 0-0 c5 8. d3 Bb7 9. e3 Nc6 10. Ne5 Qc7 11. f4 Rad8 12. Nxc6 Bxc6 13. Qe2 dxc4 14. dxc4 Ne4 15. Bxe4 Bxe4 16. Rd1 Rxd1+ 17. Qxd1 Rd8 18. Qe1 Bb7 19. e4 Qc6 20. Nc3 f5 21. Qe2 fxe4 22. Qg4 Bf8 23. Rd1 e3 24. Nd5 exd5 0-1

[Event "World Amateur-ch"]
[Site "Mellieha"]
[Date "2022.10.27"]
[Round "7"]
[White "Michalek, Michal"]
[Black "Ho, In Hei Henry"]
[Result "1-0"]
[WhiteElo "2153"]
[BlackElo "1724"]
[PlyCount "47"]
[EventDate "2022.10.21"]
[EventType "swiss"]
[EventRounds "9"]
[EventCountry "MLT"]
[SourceTitle "EXT 2024"]
[Source "ChessBase"]
[SourceDate "2023.10.10"]
[SourceVersion "1"]
[SourceVersionDate "2023.10.10"]
[SourceQuality "1"]

1. Nf3 d5 2. g3 Nf6 3. Bg2 c6 4. 0-0 Bg4 5. c4 e6 6. b3 Bd6 7. Bb2 Nbd7 8. d3 0-0 9. Nbd2 Qe7 10. h3 Bh5 11. Qc2 Rfc8 12. e4 Ba3 13. e5 Ne8 14. d4 Bg6 15. Bxa3 Qxa3 16. Qc3 a5 17. Rfc1 Qb4 18. Qe3 h6 19. c5 b6 20. a3 Qb5 21. Bf1 bxc5 22. Bxb5 cxd4 23. Nxd4 cxb5 24. Nxb5 1-0

[Event "Kronach Oberfranken Cup"]
[Site "Kronach"]
[Date "2022.07.02"]
[Round "3"]
[White "Orendt, Robert"]
[Black "Michalek, Michal"]
[Result "0-1"]
[WhiteElo "1642"]
[BlackElo "2150"]
[PlyCount "74"]
[EventDate "2022.07.01"]
[EventType "swiss"]
[EventRounds "5"]
[EventCountry "GER"]
[SourceTitle "EXT 2023"]
[Source "ChessBase"]
[SourceDate "2022.10.05"]
[SourceVersion "1"]
[SourceVersionDate "2022.10.05"]
[SourceQuality "1"]

1. d4 Nf6 2. c4 e6 3. Nf3 b6 4. Nc3 Bb4 5. Bg5 Bb7 6. e3 h6 7. Bxf6 Bxc3+ 8. bxc3 Qxf6 9. Be2 0-0 10. Qc2 d6 11. 0-0 Nd7 12. Nd2 Qe7 13. Rfe1 f5 14. Bf3 Bxf3 15. Nxf3 e5 16. g3 e4 17. Nh4 Qf7 18. Qe2 Rae8 19. a4 a5 20. Ng2 g5 21. h4 Kg7 22. Kh2 Re6 23. Rh1 Rg6 24. h5 Re6 25. Kg1 Kh7 26. Kf1 Rg8 27. Ke1 Ree8 28. Kd2 Rg7 29. Rab1 Nf8 30. Rb2 Ne6 31. Kc2 Kg8 32. Rb5 Kh8 33. Kd2 Rf8 34. Rh2 f4 35. exf4 gxf4 36. Qxe4 fxg3 37. fxg3 Ng5 0-1

[Event "Hradec Kralove op 11th"]
[Site "Hradec Kralove"]
[Date "2021.11.09"]
[Round "4"]
[White "Barabas, Ales"]
[Black "Michalek, Michal"]
[Result "1/2-1/2"]
[WhiteElo "1745"]
[BlackElo "2161"]
[PlyCount "141"]
[EventDate "2021.11.06"]
[EventType "swiss"]
[EventRounds "9"]
[EventCountry "CZE"]
[SourceTitle "CBM 205 Extra"]
[Source "ChessBase"]
[SourceDate "2022.01.31"]
[SourceVersion "1"]
[SourceVersionDate "2022.01.31"]
[SourceQuality "1"]

1. Nf3 d5 2. g3 Nf6 3. Bg2 e6 4. 0-0 Be7 5. d4 0-0 6. Nbd2 b6 7. c4 c6 8. b3 Nbd7 9. Bb2 Bb7 10. Re1 Rc8 11. Rc1 c5 12. e3 Rc7 13. Ne5 cxd4 14. exd4 Qa8 15. cxd5 Rxc1 16. Qxc1 Nxe5 17. dxe5 Rc8 18. Qa1 Nxd5 19. Nc4 Nb4 20. Bxb7 Qxb7 21. Qb1 Rd8 22. Qe4 Qxe4 23. Rxe4 Bc5 24. Ba3 Rd1+ 25. Kg2 a5 26. Re2 Kf8 27. Bxb4 axb4 28. Rd2 Ra1 29. h4 Ke7 30. Kf3 f6 31. Ke2 Rc1 32. exf6+ gxf6 33. Ne3 Rc3 34. Rc2 Rxc2+ 35. Nxc2 Kd6 36. f3 Kd5 37. g4 Ke5 38. Ne1 Kf4 39. Nd3+ Kg3 40. h5 h6 41. Nb2 f5 42. gxf5 exf5 43. Nc4 Kh4 44. Ne5 Kxh5 45. f4 Bd6 46. Nd3 Kg4 47. Kf2 Bxf4 48. Nxb4 Be5 49. Nd3 Bd4+ 50. Kg2 f4 51. Ne1 h5 52. Nf3 Bc3 53. Nh2+ Kf5 54. Kf3 Ke5 55. Nf1 Bb4 56. Nh2 Kd4 57. Nf1 Bd6 58. Nd2 Bc7 59. Ne4 Kd3 60. Nf6 b5 61. Nxh5 b4 62. Nf6 Kc2 63. Nd5 Kb2 64. Nxb4 Ka3 65. Nd5 Kxa2 66. b4 Bd6 67. b5 Kb3 68. Nxf4 Kc4 69. b6 Kb5 70. Nd5 Kc6 71. Ke4 1/2-1/2

[Event "Oberfranken-ch"]
[Site "Schney"]
[Date "2020.01.03"]
[Round "2"]
[White "Michalek, Michal"]
[Black "Wagner, Norbert1111"]
[Result "1/2-1/2"]
[WhiteElo "2145"]
[BlackElo "2004"]
[PlyCount "99"]
[EventDate "2020.01.03"]
[EventType "swiss"]
[EventRounds "7"]
[EventCountry "GER"]
[SourceTitle "CBM 194 Extra"]
[Source "ChessBase"]
[SourceDate "2020.03.31"]
[SourceVersion "1"]
[SourceVersionDate "2020.03.31"]
[SourceQuality "1"]

1. d4 d5 2. c4 e6 3. Nf3 c6 4. Qc2 Nf6 5. g3 Nbd7 6. Bg2 Bb4+ 7. Bd2 Bxd2+ 8. Nbxd2 0-0 9. 0-0 b6 10. e4 dxe4 11. Nxe4 Qc7 12. Nxf6+ Nxf6 13. c5 Bb7 14. Rfe1 h6 15. Ne5 b5 16. a4 a6 17. Ra3 Nd5 18. Bxd5 exd5 19. Rae3 Rae8 20. Nd3 Rxe3 21. Rxe3 Bc8 22. Nf4 Qd8 23. Re5 Re8 24. Rxe8+ Qxe8 25. Qe2 Qxe2 26. Nxe2 Bg4 27. axb5 axb5 28. Nc1 f6 29. Nb3 Kf7 30. Na5 Bd7 31. f3 Ke7 32. Kf2 Be8 33. Ke3 g5 34. f4 Kd7 35. Nb7 Bg6 36. Nd6 Ke6 37. g4 Bc2 38. f5+ Ke7 39. Kf3 Bd1+ 40. Kg3 Be2 41. Nb7 Kd7 42. Nd6 Ke7 43. Nc8+ Kd7 44. Nb6+ Kc7 45. Na8+ Kb7 46. Nb6 Kc7 47. h4 Bd1 48. hxg5 hxg5 49. b4 Be2 50. Na8+ 1/2-1/2

[Event "Regionalliga Nord-West 1819"]
[Site "Bayern"]
[Date "2019.03.24"]
[Round "8.2"]
[White "Michalek, Michal"]
[Black "Lang, Stefan1111"]
[Result "1/2-1/2"]
[WhiteElo "2161"]
[BlackElo "2085"]
[PlyCount "105"]
[EventDate "2018.10.21"]
[EventType "team-tourn"]
[EventRounds "9"]
[EventCountry "GER"]
[SourceTitle "EXT 2022"]
[Source "ChessBase"]
[SourceDate "2021.10.06"]
[SourceVersion "1"]
[SourceVersionDate "2021.10.06"]
[SourceQuality "1"]
[WhiteTeam "Seubelsdorf"]
[BlackTeam "Bad Neustadt"]
[WhiteTeamCountry "GER"]
[BlackTeamCountry "GER"]

1. d4 Nf6 2. Nf3 c5 3. e3 e6 4. c4 d5 5. Nc3 Nc6 6. a3 a6 7. Bd3 h6 8. 0-0 Be7 9. dxc5 Bxc5 10. b4 Be7 11. Bb2 0-0 12. Qe2 dxc4 13. Bxc4 b5 14. Rfd1 Qb6 15. Bb3 Bb7 16. h3 Rfd8 17. Rxd8+ Rxd8 18. Rd1 Nh7 19. Rxd8+ Qxd8 20. Bc2 Bf6 21. Be4 Qd7 22. Qc2 Nf8 23. Qb3 Ne7 24. Bxb7 Qxb7 25. Ne2 Qd5 26. Qxd5 Nxd5 27. Bxf6 gxf6 28. Nfd4 Nd7 29. Nc6 N5b6 30. Nc3 Nc4 31. a4 bxa4 32. Nxa4 Kf8 33. Kf1 Nce5 34. Nd4 Ke7 35. b5 axb5 36. Nxb5 f5 37. Ke2 f6 38. Nd4 Kf7 39. f4 Ng6 40. Nc3 Nc5 41. g4 fxg4 42. hxg4 Ne7 43. e4 e5 44. fxe5 fxe5 45. Nf5 Ng8 46. Kf3 Kg6 47. Nd5 h5 48. gxh5+ Kxh5 49. Nd6 Kg6 50. Nc4 Nd7 51. Kg4 Ngf6+ 52. Nxf6 Kxf6 53. Kf3 1/2-1/2

[Event "Regionalliga Nord-West 1819"]
[Site "Bayern"]
[Date "2019.01.20"]
[Round "5.2"]
[White "Stauch, Edgar"]
[Black "Michalek, Michal"]
[Result "1/2-1/2"]
[WhiteElo "2051"]
[BlackElo "2161"]
[PlyCount "25"]
[EventDate "2018.10.21"]
[EventType "team-tourn"]
[EventRounds "9"]
[EventCountry "GER"]
[SourceTitle "EXT 2022"]
[Source "ChessBase"]
[SourceDate "2021.10.06"]
[SourceVersion "1"]
[SourceVersionDate "2021.10.06"]
[SourceQuality "1"]
[WhiteTeam "Kronach"]
[BlackTeam "Seubelsdorf"]
[WhiteTeamCountry "GER"]
[BlackTeamCountry "GER"]

1. c4 c5 2. g3 g6 3. Bg2 Bg7 4. Nc3 Nc6 5. Nf3 Nf6 6. d4 cxd4 7. Nxd4 0-0 8. 0-0 Nxd4 9. Qxd4 d6 10. Qh4 Rb8 11. Bh6 Be6 12. Bxg7 Kxg7 13. Rfd1 1/2-1/2

[Event "Oberfranken-ch"]
[Site "Schney"]
[Date "2019.01.03"]
[Round "1"]
[White "Michalek, Michal"]
[Black "Freyer, Guido"]
[Result "1-0"]
[WhiteElo "2129"]
[BlackElo "2006"]
[PlyCount "115"]
[EventDate "2019.01.03"]
[EventType "swiss"]
[EventRounds "7"]
[EventCountry "GER"]
[SourceTitle "EXT 2020"]
[Source "ChessBase"]
[SourceDate "2019.10.17"]
[SourceVersion "1"]
[SourceVersionDate "2019.10.17"]
[SourceQuality "1"]

1. d4 Nf6 2. c4 e6 3. g3 d5 4. Nf3 Be7 5. Bg2 0-0 6. 0-0 Nc6 7. Nbd2 dxc4 8. Nxc4 Rb8 9. b3 b5 10. Nce5 Bb7 11. Nxc6 Bxc6 12. Bb2 Qd6 13. Rc1 Rfc8 14. Qd2 Bd5 15. Rfd1 a5 16. Ne1 a4 17. Qd3 axb3 18. axb3 Qb6 19. e4 Ba8 20. Qe2 c5 21. dxc5 Bxc5 22. Nd3 Bd4 23. Bxd4 Qxd4 24. Nc5 Qe5 25. b4 Rd8 26. f4 Qh5 27. Qxh5 Nxh5 28. Nd7 Rbc8 29. e5 g5 30. Rxc8 Rxc8 31. Bxa8 Rxa8 32. fxg5 Kg7 33. Nf6 Kg6 34. Nxh5 Kxh5 35. Rd7 Kxg5 36. Rxf7 Ra4 37. Rf4 Ra2 38. h4+ Kh5 39. Rf2 Ra1+ 40. Kg2 Re1 41. Rf7 h6 42. Rg7 Rxe5 43. Kh3 Re3 44. Rc7 Rd3 45. Rc5+ Rd5 46. g4+ Kg6 47. Rxd5 exd5 48. Kg3 Kf6 49. Kf4 Ke6 50. g5 h5 51. Ke3 Ke5 52. Kd3 d4 53. g6 Kf6 54. Kxd4 Kxg6 55. Ke5 Kg7 56. Kf5 Kh6 57. Kf6 Kh7 58. Kg5 1-0

[Event "Regionalliga Nord-West 1819"]
[Site "Bayern"]
[Date "2018.12.16"]
[Round "4.2"]
[White "Michalek, Michal"]
[Black "Riemer, Ralf"]
[Result "1-0"]
[WhiteElo "2161"]
[BlackElo "2084"]
[PlyCount "62"]
[EventDate "2018.10.21"]
[EventType "team-tourn"]
[EventRounds "9"]
[EventCountry "GER"]
[SourceTitle "EXT 2022"]
[Source "ChessBase"]
[SourceDate "2021.10.06"]
[SourceVersion "1"]
[SourceVersionDate "2021.10.06"]
[SourceQuality "1"]
[WhiteTeam "Seubelsdorf"]
[BlackTeam "Bamberg SC II"]
[WhiteTeamCountry "GER"]
[BlackTeamCountry "GER"]

1. d4 f5 2. g3 Nf6 3. Bg2 e6 4. Nf3 d5 5. 0-0 Bd6 6. c4 0-0 7. Bf4 b6 8. Nc3 Bxf4 9. gxf4 dxc4 10. Ne5 Nd5 11. Nxc4 c6 12. Qd2 Qh4 13. Nxd5 exd5 14. Ne5 Bb7 15. Rac1 Rf6 16. Rc3 Rd6 17. Rfc1 Qf6 18. Qc2 a5 19. Bh3 g6 20. Rg3 Kf8 21. Rg5 Bc8 22. Qb3 b5 23. Bg2 Bd7 24. h4 Be8 25. h5 h6 26. Nxg6+ Kf7 27. Ne5+ Kf8 28. Rg3 Bxh5 29. Bh3 Bxe2 30. Rg6 Qe7 31. Qg3 Bg4 1-0

[Event "Bayern-ch"]
[Site "Bad Griesbach"]
[Date "2016.08.21"]
[Round "1"]
[White "Miller, Eduard"]
[Black "Michalek, Michal"]
[Result "1-0"]
[WhiteElo "2268"]
[BlackElo "2147"]
[PlyCount "97"]
[EventDate "2016.08.21"]
[EventType "swiss"]
[EventRounds "9"]
[EventCountry "GER"]
[SourceTitle "EXT 2022"]
[Source "ChessBase"]
[SourceDate "2021.10.06"]
[SourceVersion "1"]
[SourceVersionDate "2021.10.06"]
[SourceQuality "1"]

1. c4 c5 2. Nc3 Nc6 3. g3 g6 4. Bg2 Bg7 5. d3 e6 6. e4 Nge7 7. h4 h6 8. h5 g5 9. f4 gxf4 10. Bxf4 Nd4 11. Nf3 Nec6 12. 0-0 d6 13. Nb5 e5 14. Nfxd4 exf4 15. Nf5 Bxf5 16. exf5 0-0 17. Qg4 Kh8 18. Qxf4 Qf6 19. Kh2 Ne5 20. Be4 Rad8 21. Kg2 Nc6 22. Rf2 Rg8 23. Nc3 Bf8 24. Nd5 Qg5 25. Rh1 Ne5 26. Qxg5 Rxg5 27. f6 b6 28. Rf5 Rg8 29. a3 Rd7 30. b4 Rg5 31. Rxg5 hxg5 32. h6 Ng6 33. h7 Rd8 34. Kf3 Ne5+ 35. Ke2 g4 36. Rh5 a5 37. bxa5 bxa5 38. Ke3 Rb8 39. Bf5 Rb3 40. Ke2 Rxa3 41. Ne7 Ra2+ 42. Kd1 Nf3 43. Nc6 Rd2+ 44. Kc1 Rg2 45. Nd8 Rg1+ 46. Kb2 Ne5 47. Rg5 Ng6 48. Rxg6 fxg6 49. Bxg6 1-0

[Event "Pardubice Czech op-J 27th"]
[Site "Pardubice"]
[Date "2016.07.20"]
[Round "7"]
[White "Michalek, Michal"]
[Black "Dovzhenko, Viktor"]
[Result "1-0"]
[WhiteElo "2145"]
[BlackElo "2191"]
[PlyCount "181"]
[EventDate "2016.07.15"]
[EventType "swiss"]
[EventRounds "7"]
[EventCountry "CZE"]
[SourceTitle "EXT 2017"]
[Source "ChessBase"]
[SourceDate "2016.10.25"]
[SourceVersion "1"]
[SourceVersionDate "2016.10.25"]
[SourceQuality "1"]

1. d4 Nf6 2. c4 c5 3. d5 b5 4. cxb5 a6 5. b6 g6 6. Nc3 d6 7. e4 Bg7 8. Nf3 0-0 9. Nd2 a5 10. a4 Nbd7 11. Bb5 Nxb6 12. 0-0 Bd7 13. Qe2 e6 14. Nc4 exd5 15. Nxb6 Qxb6 16. Bxd7 Nxd7 17. Nxd5 Qa6 18. Qc2 Qb7 19. Rb1 Rfe8 20. Bf4 Be5 21. Bxe5 Rxe5 22. Nc3 Rb8 23. Rfd1 Re6 24. f3 c4 25. Nb5 Rc8 26. Qd2 Qb6+ 27. Qd4 Rc6 28. Rbc1 Ne5 29. Qxb6 Rxb6 30. Rd4 Kf8 31. Rc2 g5 32. Rcd2 g4 33. fxg4 Nxg4 34. Nxd6 c3 35. bxc3 Rb1+ 36. Rd1 Rb2 37. Nf5 Rc2 38. Rc4 Re8 39. h3 Nf2 40. Rd7 Nxe4 41. Nh6 Kg7 42. Nxf7 Rc1+ 43. Kh2 Nf6 44. Nd6+ Nxd7 45. Nxe8+ Kf7 46. Nd6+ Ke6 47. Nb7 Ne5 48. Rh4 Rxc3 49. Rxh7 Ra3 50. Nxa5 Rxa4 51. Nb7 Ra2 52. Nd8+ Kf5 53. Rg7 Ra8 54. Nb7 Kf6 55. Rg3 Ra2 56. Nc5 Re2 57. Nd3 Nf7 58. Nf4 Ra2 59. Re3 Kf5 60. Re2 Ra4 61. Nd3 Ra3 62. Ne1 Ng5 63. Nc2 Ra4 64. Ne3+ Kg6 65. Ng4 Ra3 66. Re3 Ra2 67. h4 Nh7 68. Rf3 Ra4 69. Kh3 Ra5 70. g3 Ra1 71. Ne5+ Kh6 72. g4 Rh1+ 73. Kg3 Rg1+ 74. Kf4 Ra1 75. Rb3 Rf1+ 76. Nf3 Ra1 77. Rb6+ Kg7 78. g5 Ra4+ 79. Kf5 Ra7 80. Ne5 Nf8 81. h5 Ra5 82. Rb7+ Kg8 83. h6 Rd5 84. Rb8 Rd1 85. g6 Rf1+ 86. Ke4 Rf6 87. g7 Rf1 88. gxf8Q+ Rxf8 89. Rxf8+ Kxf8 90. Kf5 Kg8 91. Kg6 1-0

[Event "Oberfranken-ch"]
[Site "Schney"]
[Date "2016.01.05"]
[Round "6"]
[White "Michalek, Michal"]
[Black "Loew, Gerald"]
[Result "0-1"]
[WhiteElo "2138"]
[BlackElo "2256"]
[PlyCount "114"]
[EventDate "2016.01.03"]
[EventType "swiss"]
[EventRounds "7"]
[EventCountry "GER"]
[SourceTitle "CBM 170 Extra"]
[Source "ChessBase"]
[SourceDate "2016.02.25"]
[SourceVersion "1"]
[SourceVersionDate "2016.02.25"]
[SourceQuality "1"]

1. d4 Nf6 2. c4 e6 3. g3 Bb4+ 4. Bd2 Qe7 5. Nf3 Bxd2+ 6. Qxd2 Nc6 7. Nc3 d5 8. cxd5 exd5 9. Bg2 0-0 10. 0-0 Bf5 11. Rac1 Be4 12. Rfd1 Rfe8 13. Na4 Nd8 14. Nc5 c6 15. e3 Ne6 16. b4 Bxf3 17. Bxf3 Ng5 18. Bg2 h5 19. Qc2 g6 20. h4 Nge4 21. Nxe4 dxe4 22. Qc5 a6 23. Qxe7 Rxe7 24. Bf1 Nd5 25. a3 Rd8 26. Bc4 Kf8 27. Bxd5 Rxd5 28. Rc5 Red7 29. Kg2 Ke7 30. f3 exf3+ 31. Kxf3 R7d6 32. Rdc1 Kd7 33. Rxd5 Rxd5 34. Rc5 Kd6 35. Rc3 b6 36. Rd3 Rf5+ 37. Ke2 Kd5 38. Rc3 Rf6 39. a4 Ke4 40. a5 bxa5 41. bxa5 Rf5 42. Rxc6 Rxa5 43. Rc2 Ra3 44. Kf2 Rxe3 45. Ra2 Rf3+ 46. Kg2 Rf6 47. Ra4 Rb6 48. Kh3 Kd5 49. Kg2 Kc6 50. Kf3 Kb5 51. Ra1 Kc4 52. Rd1 Kd5 53. Rd3 a5 54. Ke3 a4 55. Rd2 a3 56. Kf4 Ra6 57. Ra2 Kxd4 0-1

[Event "Oberfranken-ch"]
[Site "Schney"]
[Date "2015.01.06"]
[Round "7"]
[White "Michalek, Michal"]
[Black "Kuespert, Helmut"]
[Result "1-0"]
[WhiteElo "2132"]
[BlackElo "1935"]
[PlyCount "87"]
[EventDate "2015.01.03"]
[EventType "swiss"]
[EventRounds "7"]
[EventCountry "GER"]
[SourceTitle "CBM 164 Extra"]
[Source "ChessBase"]
[SourceDate "2015.03.02"]
[SourceVersion "1"]
[SourceVersionDate "2015.03.02"]
[SourceQuality "1"]

1. d4 Nf6 2. c4 c5 3. d5 b5 4. cxb5 a6 5. bxa6 Bxa6 6. Nc3 g6 7. g3 d6 8. Bg2 Bg7 9. Nf3 0-0 10. Rb1 Nbd7 11. 0-0 Qa5 12. Bd2 Rfb8 13. Qc2 Qc7 14. b3 Ra7 15. Rfd1 Rab7 16. h3 Ne8 17. Be1 Ne5 18. Nxe5 Bxe5 19. a4 Qd7 20. Na2 Rc8 21. e3 Ra7 22. Kh2 f5 23. Bc3 Bxc3 24. Nxc3 Nf6 25. Bf1 Bxf1 26. Rxf1 e6 27. Rfd1 e5 28. Nb5 Rb7 29. Qc4 g5 30. Rbc1 Rcb8 31. b4 cxb4 32. Qxb4 Ne8 33. Rc6 Rb6 34. Rdc1 Qf7 35. Qc4 f4 36. gxf4 gxf4 37. exf4 exf4 38. Rg1+ Kf8 39. Qd4 Rxc6 40. dxc6 Rc8 41. Nxd6 Nxd6 42. Qxd6+ Qe7 43. Rg8+ Kf7 44. Rg7+ 1-0

[Event "Bayern-ch"]
[Site "Rosenheim"]
[Date "2014.08.26"]
[Round "5"]
[White "Blodig, Constantin"]
[Black "Michalek, Michal"]
[Result "1/2-1/2"]
[WhiteElo "1939"]
[BlackElo "2153"]
[PlyCount "141"]
[EventDate "2014.08.23"]
[EventType "swiss"]
[EventRounds "9"]
[EventCountry "GER"]
[SourceTitle "EXT 2015"]
[Source "ChessBase"]
[SourceDate "2014.11.20"]
[SourceVersion "1"]
[SourceVersionDate "2014.11.20"]
[SourceQuality "1"]

1. e4 c6 2. d4 d5 3. Nd2 dxe4 4. Nxe4 Bf5 5. Ng3 Bg6 6. Nf3 Nd7 7. h4 h6 8. h5 Bh7 9. Bd3 Bxd3 10. Qxd3 e6 11. Bf4 Qa5+ 12. Bd2 Bb4 13. c3 Be7 14. c4 Qc7 15. 0-0-0 Ngf6 16. Kb1 0-0 17. Ne4 Nxe4 18. Qxe4 Nf6 19. Qe2 b5 20. c5 Nd5 21. g4 Rac8 22. Rdg1 Nf4 23. Qe4 Bg5 24. Nxg5 hxg5 25. Bxf4 Qxf4 26. Qxf4 gxf4 27. Re1 Rfd8 28. Re4 Rd5 29. Rh3 Rcd8 30. Ra3 Rxd4 31. Rxd4 Rxd4 32. Ra6 Rc4 33. Rxc6 e5 34. b3 Rc3 35. Kb2 b4 36. Rc8+ Kh7 37. c6 e4 38. a3 a5 39. axb4 axb4 40. Re8 e3 41. fxe3 f3 42. Re4 Rxc6 43. g5 Rc5 44. Rf4 Rxg5 45. Rxf3 Rg2+ 46. Kc1 f6 47. Rf4 Kh6 48. Rxb4 Kxh5 49. Kd1 g5 50. Ke1 Rb2 51. e4 Kg6 52. Rb6 Kf7 53. Kf1 Ke7 54. e5 fxe5 55. Rg6 Rxb3 56. Rxg5 Kf6 57. Rg4 Kf5 58. Ra4 Rb2 59. Ke1 Rg2 60. Kf1 Rd2 61. Ke1 Rh2 62. Kf1 Rb2 63. Ke1 e4 64. Ra5+ Kf4 65. Ra3 Rh2 66. Rc3 e3 67. Rc8 Rd2 68. Rf8+ Ke4 69. Re8+ Kd3 70. Rd8+ Kc2 71. Rc8+ 1/2-1/2